[Event "DEM U14w 2021"]
[Site "Willingen GER"]
[Date "2021.08.26"]
[Round "5"]
[White "Labuda, Annika"]
[Black "von Beckh, Frieda"]
[Result "1-0"]
[Termination "normal"]
[Board "8"]
[WhiteElo "1284"]
[BlackElo "1541"]
[WhiteClock "00:45:29"]
[BlackClock "00:42:39"]
[PlyCount "45"]
[WhiteFideId "16261453"]
[BlackFideId "16233751"]
[EventCountry "GER"]
[EventRounds "9"]
[EventType "swiss"]
[EventDate "2021.08.22"]

1. e4 {[%clk 01:30:57]} {[%emt 00:00:03]} c5 {[%clk 01:30:52]} {[%emt
00:00:09]} 2. Nf3 {[%clk 01:31:21]} {[%emt 00:00:06]} Nc6 {[%clk 01:31:10]}
{[%emt 00:00:12]} 3. d4 {[%clk 01:31:41]} {[%emt 00:00:10]} cxd4 {[%clk
01:31:29]} {[%emt 00:00:10]} 4. Nxd4 {[%clk 01:32:07]} {[%emt 00:00:04]} g6
{[%clk 01:31:45]} {[%emt 00:00:14]} 5. Nc3 {[%clk 01:32:24]} {[%emt 00:00:13]}
Bg7 {[%clk 01:32:06]} {[%emt 00:00:10]} 6. Nb3 {[%clk 01:32:42]} {[%emt
00:00:11]} Nf6 {[%clk 01:32:08]} {[%emt 00:00:28]} 7. Be2 {[%clk 01:32:48]}
{[%emt 00:00:24]} O-O {[%clk 01:32:22]} {[%emt 00:00:16]} 8. O-O {[%clk
01:33:06]} {[%emt 00:00:12]} d6 {[%clk 01:32:38]} {[%emt 00:00:14]} 9. Bg5
{[%clk 01:33:09]} {[%emt 00:00:25]} a6 {[%clk 01:32:34]} {[%emt 00:00:37]} 10.
Kh1 {[%clk 01:31:44]} {[%emt 00:01:54]} b5 {[%clk 01:32:13]} {[%emt 00:00:51]}
11. Bf3 {[%clk 01:26:35]} {[%emt 00:05:39]} b4 {[%clk 01:29:33]} {[%emt
00:03:10]} 12. e5 {[%clk 01:19:46]} {[%emt 00:07:20]} Bb7 {[%clk 01:22:42]}
{[%emt 00:07:20]} 13. exf6 {[%clk 01:18:37]} {[%emt 00:01:39]} exf6 {[%clk
01:22:50]} {[%emt 00:00:21]} 14. Bf4 {[%clk 01:17:54]} {[%emt 00:01:11]} bxc3
{[%clk 01:22:18]} {[%emt 00:01:05]} 15. bxc3 {[%clk 01:17:35]} {[%emt
00:00:50]} f5 {[%clk 01:19:28]} {[%emt 00:03:19]} 16. Bxd6 {[%clk 01:13:07]}
{[%emt 00:04:58]} Bxc3 {[%clk 01:18:47]} {[%emt 00:01:10]} 17. Rb1 {[%clk
01:05:56]} {[%emt 00:07:41]} Qh4 {[%clk 00:51:11]} {[%emt 00:28:06]} 18. Bxf8
{[%clk 00:57:54]} {[%emt 00:08:34]} Be5 {[%clk 00:48:14]} {[%emt 00:03:26]} 19.
g3 {[%clk 00:55:38]} {[%emt 00:02:45]} Qh3 {[%clk 00:44:02]} {[%emt 00:04:41]}
20. Bg2 {[%clk 00:50:29]} {[%emt 00:05:39]} Nd4 {[%clk 00:43:21]} {[%emt
00:01:12]} 21. Bxb7 {[%clk 00:49:53]} {[%emt 00:01:07]} f4 {[%clk 00:42:28]}
{[%emt 00:01:23]} 22. Bg2 {[%clk 00:46:43]} {[%emt 00:03:39]} Qf5 {[%clk
00:42:39]} {[%emt 00:00:19]} 23. Nxd4 {[%clk 00:45:29]} {[%emt 00:01:44]} 1-0

[Event "DEM U14w 2021"]
[Site "Willingen GER"]
[Date "2021.08.26"]
[Round "5"]
[White "Arnold, Rubina"]
[Black "Prinzen, Siri Marleen"]
[Result "0-1"]
[Termination "normal"]
[Board "9"]
[WhiteElo "1498"]
[BlackElo "1626"]
[WhiteClock "00:21:35"]
[BlackClock "00:13:34"]
[PlyCount "102"]
[WhiteFideId "16276272"]
[BlackFideId "16265912"]
[EventCountry "GER"]
[EventRounds "9"]
[EventType "swiss"]
[EventDate "2021.08.22"]

1. e4 {[%clk 01:30:57]} {[%emt 00:00:04]} c6 {[%clk 01:30:55]} {[%emt
00:00:05]} 2. d4 {[%clk 01:31:13]} {[%emt 00:00:14]} d5 {[%clk 01:31:19]}
{[%emt 00:00:06]} 3. e5 {[%clk 01:31:25]} {[%emt 00:00:18]} c5 {[%clk
01:31:42]} {[%emt 00:00:07]} 4. dxc5 {[%clk 01:31:42]} {[%emt 00:00:13]} e6
{[%clk 01:32:02]} {[%emt 00:00:10]} 5. Be3 {[%clk 01:31:40]} {[%emt 00:00:32]}
Nh6 {[%clk 01:32:03]} {[%emt 00:00:29]} 6. f4 {[%clk 01:31:26]} {[%emt
00:00:44]} Nf5 {[%clk 01:27:32]} {[%emt 00:05:01]} 7. Bf2 {[%clk 01:31:25]}
{[%emt 00:00:32]} h5 {[%clk 01:23:07]} {[%emt 00:04:55]} 8. Nf3 {[%clk
01:27:36]} {[%emt 00:04:18]} Nc6 {[%clk 01:19:04]} {[%emt 00:04:33]} 9. c3
{[%clk 01:26:28]} {[%emt 00:01:38]} Bd7 {[%clk 01:15:33]} {[%emt 00:04:02]} 10.
b4 {[%clk 01:22:16]} {[%emt 00:04:41]} Rc8 {[%clk 01:12:36]} {[%emt 00:03:27]}
11. Nbd2 {[%clk 01:18:12]} {[%emt 00:04:33]} Be7 {[%clk 01:06:21]} {[%emt
00:06:46]} 12. Nb3 {[%clk 01:16:45]} {[%emt 00:01:58]} f6 {[%clk 01:01:00]}
{[%emt 00:05:50]} 13. a3 {[%clk 01:08:01]} {[%emt 00:09:15]} fxe5 {[%clk
00:54:58]} {[%emt 00:06:31]} 14. fxe5 {[%clk 01:03:45]} {[%emt 00:04:46]} g5
{[%clk 00:49:05]} {[%emt 00:06:24]} 15. Nbd4 {[%clk 01:01:44]} {[%emt
00:02:30]} g4 {[%clk 00:42:26]} {[%emt 00:07:08]} 16. Nxc6 {[%clk 01:01:31]}
{[%emt 00:00:44]} bxc6 {[%clk 00:39:24]} {[%emt 00:03:32]} 17. Nd4 {[%clk
01:00:13]} {[%emt 00:01:49]} O-O {[%clk 00:34:50]} {[%emt 00:05:04]} 18. Ba6
{[%clk 00:55:10]} {[%emt 00:05:32]} Rb8 {[%clk 00:33:16]} {[%emt 00:02:04]} 19.
O-O {[%clk 00:53:05]} {[%emt 00:02:34]} Bg5 {[%clk 00:30:56]} {[%emt 00:02:51]}
20. Bd3 {[%clk 00:50:07]} {[%emt 00:03:28]} Ne3 {[%clk 00:28:49]} {[%emt
00:02:37]} 21. Bxe3 {[%clk 00:49:42]} {[%emt 00:00:55]} Bxe3+ {[%clk 00:29:16]}
{[%emt 00:00:02]} 22. Kh1 {[%clk 00:49:48]} {[%emt 00:00:24]} Qg5 {[%clk
00:28:05]} {[%emt 00:01:43]} 23. Nc2 {[%clk 00:42:41]} {[%emt 00:07:37]} Bd2
{[%clk 00:25:00]} {[%emt 00:03:34]} 24. Rf6 {[%clk 00:35:51]} {[%emt 00:07:19]}
Rxf6 {[%clk 00:21:33]} {[%emt 00:03:59]} 25. exf6 {[%clk 00:35:55]} {[%emt
00:00:26]} Bxc3 {[%clk 00:19:06]} {[%emt 00:02:58]} 26. f7+ {[%clk 00:31:44]}
{[%emt 00:04:41]} Kxf7 {[%clk 00:17:24]} {[%emt 00:02:11]} 27. Qf1+ {[%clk
00:31:59]} {[%emt 00:00:14]} Qf6 {[%clk 00:17:25]} {[%emt 00:00:29]} 28. Qxf6+
{[%clk 00:27:20]} {[%emt 00:05:09]} Kxf6 {[%clk 00:17:09]} {[%emt 00:00:46]}
29. Rf1+ {[%clk 00:27:27]} {[%emt 00:00:23]} Kg7 {[%clk 00:17:22]} {[%emt
00:00:19]} 30. Ba6 {[%clk 00:25:30]} {[%emt 00:02:26]} Bc8 {[%clk 00:16:25]}
{[%emt 00:01:27]} 31. Bxc8 {[%clk 00:23:53]} {[%emt 00:02:07]} Rxc8 {[%clk
00:16:54]} {[%emt 00:00:02]} 32. g3 {[%clk 00:23:05]} {[%emt 00:01:17]} Rf8
{[%clk 00:16:45]} {[%emt 00:00:38]} 33. Rxf8 {[%clk 00:20:28]} {[%emt
00:03:07]} Kxf8 {[%clk 00:17:13]} {[%emt 00:00:03]} 34. Kg2 {[%clk 00:19:45]}
{[%emt 00:01:13]} d4 {[%clk 00:14:44]} {[%emt 00:03:00]} 35. Kf2 {[%clk
00:19:19]} {[%emt 00:00:56]} d3 {[%clk 00:14:15]} {[%emt 00:00:58]} 36. Na1
{[%clk 00:18:14]} {[%emt 00:01:35]} Bxa1 {[%clk 00:13:42]} {[%emt 00:01:02]}
37. Ke3 {[%clk 00:18:38]} {[%emt 00:00:07]} Bb2 {[%clk 00:13:38]} {[%emt
00:00:34]} 38. a4 {[%clk 00:18:59]} {[%emt 00:00:08]} Ba3 {[%clk 00:13:31]}
{[%emt 00:00:38]} 39. b5 {[%clk 00:18:53]} {[%emt 00:00:37]} Bxc5+ {[%clk
00:13:48]} {[%emt 00:00:12]} 40. Kxd3 {[%clk 00:19:15]} {[%emt 00:00:09]} cxb5
{[%clk 00:14:08]} {[%emt 00:00:09]} 41. axb5 {[%clk 00:19:32]} {[%emt
00:00:14]} Ke7 {[%clk 00:14:21]} {[%emt 00:00:17]} 42. Ke4 {[%clk 00:19:42]}
{[%emt 00:00:19]} Kf6 {[%clk 00:14:22]} {[%emt 00:00:29]} 43. Kf4 {[%clk
00:20:00]} {[%emt 00:00:13]} Bg1 {[%clk 00:13:32]} {[%emt 00:01:19]} 44. h3
{[%clk 00:20:10]} {[%emt 00:00:19]} e5+ {[%clk 00:13:03]} {[%emt 00:01:01]} 45.
Ke4 {[%clk 00:20:18]} {[%emt 00:00:20]} gxh3 {[%clk 00:13:22]} {[%emt
00:00:12]} 46. Kf3 {[%clk 00:20:36]} {[%emt 00:00:12]} e4+ {[%clk 00:13:14]}
{[%emt 00:00:39]} 47. Kxe4 {[%clk 00:20:55]} {[%emt 00:00:11]} h2 {[%clk
00:13:39]} {[%emt 00:00:05]} 48. g4 {[%clk 00:21:06]} {[%emt 00:00:19]} h1=Q+
{[%clk 00:14:01]} {[%emt 00:00:07]} 49. Kf4 {[%clk 00:21:23]} {[%emt 00:00:14]}
hxg4 {[%clk 00:13:24]} {[%emt 00:01:07]} 50. Kg3 {[%clk 00:21:19]} {[%emt
00:00:34]} Qh3+ {[%clk 00:13:34]} {[%emt 00:00:21]} 51. Kf4 {[%clk 00:21:35]}
{[%emt 00:00:13]} Qf3# {[%emt 00:00:05]} 0-1

[Event "DEM U14w 2021"]
[Site "Willingen GER"]
[Date "2021.08.26"]
[Round "5"]
[White "Alhassan, Jodi"]
[Black "Reich, Elisabeth"]
[Result "0-1"]
[Termination "normal"]
[Board "10"]
[WhiteElo "1243"]
[BlackElo "1368"]
[WhiteClock "00:14:39"]
[BlackClock "01:21:12"]
[PlyCount "106"]
[WhiteFideId "16250460"]
[BlackFideId "16239776"]
[EventCountry "GER"]
[EventRounds "9"]
[EventType "swiss"]
[EventDate "2021.08.22"]

1. e4 {[%clk 01:30:53]} {[%emt 00:00:07]} c5 {[%clk 01:30:57]} {[%emt
00:00:04]} 2. d4 {[%clk 01:31:11]} {[%emt 00:00:11]} cxd4 {[%clk 01:31:20]}
{[%emt 00:00:08]} 3. c3 {[%clk 01:31:35]} {[%emt 00:00:06]} d3 {[%clk
01:31:45]} {[%emt 00:00:05]} 4. Bxd3 {[%clk 01:29:47]} {[%emt 00:02:18]} d6
{[%clk 01:31:57]} {[%emt 00:00:17]} 5. Nf3 {[%clk 01:27:26]} {[%emt 00:02:51]}
g6 {[%clk 01:31:39]} {[%emt 00:00:47]} 6. Bf4 {[%clk 01:21:32]} {[%emt
00:06:24]} Bg7 {[%clk 01:30:29]} {[%emt 00:01:40]} 7. O-O {[%clk 01:17:48]}
{[%emt 00:04:15]} Nf6 {[%clk 01:29:51]} {[%emt 00:01:07]} 8. Nbd2 {[%clk
01:00:20]} {[%emt 00:17:58]} O-O {[%clk 01:27:41]} {[%emt 00:02:40]} 9. Qb3
{[%clk 00:48:43]} {[%emt 00:12:08]} Nc6 {[%clk 01:23:44]} {[%emt 00:04:27]} 10.
Nc4 {[%clk 00:28:42]} {[%emt 00:20:31]} d5 {[%clk 01:13:40]} {[%emt 00:10:34]}
11. exd5 {[%clk 00:22:46]} {[%emt 00:06:26]} Nxd5 {[%clk 01:11:52]} {[%emt
00:02:18]} 12. Bd2 {[%clk 00:18:22]} {[%emt 00:04:55]} Nxc3 {[%clk 01:05:16]}
{[%emt 00:07:06]} 13. Bxc3 {[%clk 00:18:14]} {[%emt 00:00:39]} Qxd3 {[%clk
01:05:30]} {[%emt 00:00:14]} 14. Rad1 {[%clk 00:17:14]} {[%emt 00:01:31]} Qf5
{[%clk 01:04:06]} {[%emt 00:01:52]} 15. Bxg7 {[%clk 00:16:59]} {[%emt
00:00:48]} Kxg7 {[%clk 01:04:29]} {[%emt 00:00:06]} 16. Rfe1 {[%clk 00:16:56]}
{[%emt 00:00:34]} Qc5 {[%clk 01:02:56]} {[%emt 00:02:00]} 17. h3 {[%clk
00:14:56]} {[%emt 00:02:32]} Be6 {[%clk 00:58:33]} {[%emt 00:04:53]} 18. Qc3+
{[%clk 00:10:17]} {[%emt 00:05:11]} Kg8 {[%clk 00:58:28]} {[%emt 00:00:33]} 19.
Rc1 {[%clk 00:07:30]} {[%emt 00:03:18]} Qxc4 {[%clk 00:58:26]} {[%emt
00:00:32]} 20. Qxc4 {[%clk 00:07:49]} {[%emt 00:00:11]} Bxc4 {[%clk 00:58:54]}
{[%emt 00:00:02]} 21. Rxc4 {[%clk 00:08:06]} {[%emt 00:00:14]} e6 {[%clk
00:59:02]} {[%emt 00:00:21]} 22. Rd1 {[%clk 00:07:47]} {[%emt 00:00:49]} Rfd8
{[%clk 00:59:19]} {[%emt 00:00:13]} 23. Rcc1 {[%clk 00:07:37]} {[%emt
00:00:41]} h5 {[%clk 00:58:03]} {[%emt 00:01:46]} 24. Ng5 {[%clk 00:07:08]}
{[%emt 00:01:00]} Rxd1+ {[%clk 00:56:57]} {[%emt 00:01:35]} 25. Rxd1 {[%clk
00:07:31]} {[%emt 00:00:07]} Rd8 {[%clk 00:57:21]} {[%emt 00:00:05]} 26. Rxd8+
{[%clk 00:06:40]} {[%emt 00:01:21]} Nxd8 {[%clk 00:57:48]} {[%emt 00:00:02]}
27. Kf1 {[%clk 00:06:21]} {[%emt 00:00:49]} Kf8 {[%clk 00:58:12]} {[%emt
00:00:06]} 28. Ke2 {[%clk 00:06:34]} {[%emt 00:00:17]} Ke7 {[%clk 00:58:37]}
{[%emt 00:00:06]} 29. Ke3 {[%clk 00:03:51]} {[%emt 00:03:12]} Nc6 {[%clk
00:58:51]} {[%emt 00:00:15]} 30. a3 {[%clk 00:03:49]} {[%emt 00:00:34]} Na5
{[%clk 00:58:37]} {[%emt 00:00:43]} 31. Kd3 {[%clk 00:03:23]} {[%emt 00:00:55]}
Nb3 {[%clk 00:57:46]} {[%emt 00:01:21]} 32. Kc3 {[%clk 00:02:05]} {[%emt
00:01:50]} Nc5 {[%clk 00:57:52]} {[%emt 00:00:25]} 33. Kd4 {[%clk 00:01:39]}
{[%emt 00:00:55]} Nd7 {[%clk 00:58:06]} {[%emt 00:00:17]} 34. f4 {[%clk
00:01:06]} {[%emt 00:01:02]} Nf6 {[%clk 00:58:16]} {[%emt 00:00:20]} 35. Ke5
{[%clk 00:00:55]} {[%emt 00:00:41]} Nd5 {[%clk 00:58:33]} {[%emt 00:00:12]} 36.
Ke4 {[%clk 00:00:58]} {[%emt 00:00:27]} Nb6 {[%clk 00:58:06]} {[%emt 00:00:56]}
37. b3 {[%clk 00:01:20]} {[%emt 00:00:11]} Nc8 {[%clk 00:57:54]} {[%emt
00:00:42]} 38. Ke3 {[%clk 00:01:13]} {[%emt 00:00:37]} Nd6 {[%clk 00:58:17]}
{[%emt 00:00:07]} 39. Kf3 {[%clk 00:01:14]} {[%emt 00:00:29]} Nb5 {[%clk
00:58:35]} {[%emt 00:00:10]} 40. a4 {[%clk 00:00:40]} {[%emt 00:01:06]} Nd4+
{[%clk 00:58:59]} {[%emt 00:00:06]} 41. Ke3 {[%clk 00:00:58]} {[%emt 00:00:12]}
Nxb3 {[%clk 00:59:16]} {[%emt 00:00:14]} 42. Ne4 {[%clk 00:01:10]} {[%emt
00:00:16]} Kd7 {[%clk 00:59:12]} {[%emt 00:00:32]} 43. Kd3 {[%clk 00:26:23]}
{[%emt 00:05:21]} Na5 {[%clk 01:27:57]} {[%emt 00:01:44]} 44. Nc5+ {[%clk
00:25:07]} {[%emt 00:01:46]} Kc7 {[%clk 01:27:57]} {[%emt 00:00:24]} 45. Kd4
{[%clk 00:24:39]} {[%emt 00:01:04]} Nc6+ {[%clk 01:28:10]} {[%emt 00:00:16]}
46. Ke4 {[%clk 00:22:09]} {[%emt 00:03:00]} Ne7 {[%clk 01:23:26]} {[%emt
00:05:14]} 47. Kd4 {[%clk 00:17:58]} {[%emt 00:04:42]} a6 {[%clk 01:21:52]}
{[%emt 00:02:04]} 48. a5 {[%clk 00:17:40]} {[%emt 00:00:48]} Nc6+ {[%clk
01:21:26]} {[%emt 00:00:56]} 49. Ke4 {[%clk 00:16:53]} {[%emt 00:01:16]} Nxa5
{[%clk 01:21:20]} {[%emt 00:00:36]} 50. Ke5 {[%clk 00:17:18]} {[%emt 00:00:06]}
Nc4+ {[%clk 01:21:32]} {[%emt 00:00:17]} 51. Kf6 {[%clk 00:16:47]} {[%emt
00:01:03]} Nd6 {[%clk 01:21:27]} {[%emt 00:00:35]} 52. Ke7 {[%clk 00:14:22]}
{[%emt 00:02:54]} a5 {[%clk 01:21:12]} {[%emt 00:00:45]} 53. Nd3 {[%clk
00:14:39]} {[%emt 00:00:14]} a4 {[%emt 00:01:53]} 0-1

[Event "DEM U14w 2021"]
[Site "Willingen GER"]
[Date "2021.08.26"]
[Round "5"]
[White "Luzgina, Anastasija"]
[Black "Hellenbroich, Helene"]
[Result "1-0"]
[Termination "normal"]
[Board "11"]
[WhiteElo "1548"]
[BlackElo "1378"]
[WhiteClock "00:32:28"]
[BlackClock "00:32:29"]
[PlyCount "43"]
[WhiteFideId "24280860"]
[BlackFideId "16270754"]
[EventCountry "GER"]
[EventRounds "9"]
[EventType "swiss"]
[EventDate "2021.08.22"]

1. d4 {[%clk 01:30:56]} {[%emt 00:00:03]} Nf6 {[%clk 01:30:52]} {[%emt
00:00:09]} 2. c4 {[%clk 01:30:55]} {[%emt 00:00:31]} e6 {[%clk 01:30:36]}
{[%emt 00:00:48]} 3. Nc3 {[%clk 01:31:12]} {[%emt 00:00:12]} d5 {[%clk
01:30:50]} {[%emt 00:00:16]} 4. e3 {[%clk 01:31:32]} {[%emt 00:00:09]} Be7
{[%clk 01:28:58]} {[%emt 00:02:22]} 5. Nf3 {[%clk 01:31:38]} {[%emt 00:00:23]}
O-O {[%clk 01:29:09]} {[%emt 00:00:20]} 6. Bd3 {[%clk 01:31:34]} {[%emt
00:00:32]} Re8 {[%clk 01:28:31]} {[%emt 00:01:09]} 7. O-O {[%clk 01:31:51]}
{[%emt 00:00:13]} Nbd7 {[%clk 01:28:23]} {[%emt 00:00:41]} 8. b3 {[%clk
01:31:00]} {[%emt 00:01:19]} b6 {[%clk 01:28:23]} {[%emt 00:00:31]} 9. Bb2
{[%clk 01:31:04]} {[%emt 00:00:25]} Bb7 {[%clk 01:28:40]} {[%emt 00:00:13]} 10.
Rc1 {[%clk 01:31:08]} {[%emt 00:00:26]} Rc8 {[%clk 01:28:20]} {[%emt 00:00:50]}
11. Re1 {[%clk 01:24:31]} {[%emt 00:07:05]} c5 {[%clk 01:24:54]} {[%emt
00:03:58]} 12. cxd5 {[%clk 01:14:59]} {[%emt 00:10:02]} Nxd5 {[%clk 01:22:45]}
{[%emt 00:02:38]} 13. Bc4 {[%clk 01:02:49]} {[%emt 00:12:38]} N7f6 {[%clk
01:16:43]} {[%emt 00:06:35]} 14. Nxd5 {[%clk 00:52:40]} {[%emt 00:10:39]} Nxd5
{[%clk 01:11:09]} {[%emt 00:06:03]} 15. Ne5 {[%clk 00:37:36]} {[%emt 00:15:34]}
Nf6 {[%clk 00:59:08]} {[%emt 00:12:32]} 16. Qe2 {[%clk 00:37:07]} {[%emt
00:00:57]} Ra8 {[%clk 00:46:19]} {[%emt 00:13:20]} 17. Red1 {[%clk 00:36:47]}
{[%emt 00:00:50]} cxd4 {[%clk 00:42:03]} {[%emt 00:04:47]} 18. Bxd4 {[%clk
00:34:11]} {[%emt 00:03:05]} Qb8 {[%clk 00:40:35]} {[%emt 00:01:59]} 19. Bb5
{[%clk 00:32:25]} {[%emt 00:02:15]} Ba3 {[%clk 00:32:41]} {[%emt 00:08:25]} 20.
Bxe8 {[%clk 00:31:56]} {[%emt 00:00:58]} Bxc1 {[%clk 00:32:44]} {[%emt
00:00:28]} 21. Bxf7+ {[%clk 00:32:15]} {[%emt 00:00:12]} Kf8 {[%clk 00:32:29]}
{[%emt 00:00:44]} 22. Rxc1 {[%clk 00:32:28]} {[%emt 00:00:16]} 1-0

[Event "DEM U14w 2021"]
[Site "Willingen GER"]
[Date "2021.08.26"]
[Round "5"]
[White "Malmström, Eva"]
[Black "Heuberger, Sandra"]
[Result "0-1"]
[Termination "normal"]
[Board "12"]
[WhiteElo "1348"]
[BlackElo "1110"]
[WhiteClock "00:43:59"]
[BlackClock "00:13:51"]
[PlyCount "98"]
[WhiteFideId "34607072"]
[BlackFideId "16232151"]
[EventCountry "GER"]
[EventRounds "9"]
[EventType "swiss"]
[EventDate "2021.08.22"]

1. e4 {[%clk 01:30:58]} {[%emt 00:00:01]} e5 {[%clk 01:30:53]} {[%emt
00:00:08]} 2. Bc4 {[%clk 01:30:06]} {[%emt 00:01:21]} Nf6 {[%clk 01:29:43]}
{[%emt 00:01:40]} 3. d3 {[%clk 01:29:52]} {[%emt 00:00:44]} Be7 {[%clk
01:29:20]} {[%emt 00:00:53]} 4. Nf3 {[%clk 01:29:49]} {[%emt 00:00:33]} d6
{[%clk 01:26:45]} {[%emt 00:03:05]} 5. h3 {[%clk 01:28:51]} {[%emt 00:01:28]}
O-O {[%clk 01:25:33]} {[%emt 00:01:42]} 6. Nc3 {[%emt 00:04:14]} Be6 {[%clk
01:22:19]} {[%emt 00:00:20]} 7. Bb3 {[%clk 01:27:20]} {[%emt 00:01:42]} Nc6
{[%clk 01:20:23]} {[%emt 00:02:27]} 8. Be3 {[%clk 01:23:44]} {[%emt 00:04:05]}
d5 {[%clk 01:15:08]} {[%emt 00:05:45]} 9. exd5 {[%clk 01:22:54]} {[%emt
00:01:19]} Nxd5 {[%clk 01:14:32]} {[%emt 00:01:06]} 10. Nxd5 {[%clk 01:19:03]}
{[%emt 00:04:21]} Bxd5 {[%clk 01:13:42]} {[%emt 00:01:20]} 11. Ba4 {[%emt
00:10:17]} Bf6 {[%clk 01:03:41]} {[%emt 00:02:43]} 12. c4 {[%clk 01:15:30]}
{[%emt 00:02:04]} Bxf3 {[%clk 01:00:18]} {[%emt 00:03:54]} 13. gxf3 {[%clk
01:15:44]} {[%emt 00:00:15]} Nb4 {[%clk 00:57:44]} {[%emt 00:03:05]} 14. Bc2
{[%clk 01:15:14]} {[%emt 00:00:59]} Re8 {[%clk 00:49:33]} {[%emt 00:08:41]} 15.
a3 {[%clk 01:14:23]} {[%emt 00:01:21]} Nc6 {[%clk 00:48:37]} {[%emt 00:01:26]}
16. Rg1 {[%emt 00:03:08]} Ne7 {[%clk 00:45:36]} {[%emt 00:02:33]} 17. Bg5
{[%clk 01:09:35]} {[%emt 00:03:38]} Nf5 {[%clk 00:40:58]} {[%emt 00:05:07]} 18.
Qd2 {[%clk 01:06:13]} {[%emt 00:03:53]} Nd4 {[%clk 00:34:02]} {[%emt 00:07:26]}
19. Bd1 {[%clk 01:04:33]} {[%emt 00:02:09]} Bxg5 {[%clk 00:28:36]} {[%emt
00:05:56]} 20. Rxg5 {[%clk 01:03:16]} {[%emt 00:01:47]} Qf6 {[%clk 00:26:07]}
{[%emt 00:02:57]} 21. Rg3 {[%clk 01:02:34]} {[%emt 00:01:14]} Rad8 {[%clk
00:25:39]} {[%emt 00:00:58]} 22. Be2 {[%clk 01:01:06]} {[%emt 00:01:58]} Nb3
{[%clk 00:20:01]} {[%emt 00:06:10]} 23. Qc3 {[%clk 00:57:43]} {[%emt 00:03:51]}
Nxa1 {[%clk 00:19:39]} {[%emt 00:00:53]} 24. b4 {[%clk 00:58:04]} {[%emt
00:00:09]} Nc2+ {[%clk 00:16:41]} {[%emt 00:03:28]} 25. Qxc2 {[%emt 00:01:16]}
g6 {[%clk 00:15:51]} {[%emt 00:00:17]} 26. Qc3 {[%clk 00:56:47]} {[%emt
00:02:04]} Qf4 {[%clk 00:14:02]} {[%emt 00:02:18]} 27. Rg4 {[%clk 00:54:11]}
{[%emt 00:03:07]} Qf5 {[%clk 00:13:14]} {[%emt 00:01:18]} 28. h4 {[%clk
00:52:52]} {[%emt 00:01:48]} Qh5 {[%emt 00:04:37]} 29. d4 {[%clk 00:45:29]}
{[%emt 00:05:29]} exd4 {[%clk 00:11:03]} {[%emt 00:00:58]} 30. Rxd4 {[%clk
00:45:40]} {[%emt 00:00:18]} Qe5 {[%clk 00:10:45]} {[%emt 00:00:49]} 31. Qe3
{[%clk 00:41:40]} {[%emt 00:04:30]} Qxd4 {[%clk 00:10:43]} {[%emt 00:00:31]}
32. Qxd4 {[%clk 00:41:54]} {[%emt 00:00:17]} Rxd4 {[%clk 00:11:05]} {[%emt
00:00:08]} 33. c5 {[%clk 00:41:55]} {[%emt 00:00:29]} Rd3 {[%clk 00:11:09]}
{[%emt 00:00:25]} 34. a4 {[%clk 00:41:32]} {[%emt 00:00:53]} Rxf3 {[%emt
00:00:14]} 35. Kf1 {[%clk 00:41:39]} {[%emt 00:00:21]} Rf4 {[%clk 00:11:40]}
{[%emt 00:00:17]} 36. b5 {[%clk 00:41:19]} {[%emt 00:00:50]} Rxa4 {[%clk
00:11:54]} {[%emt 00:00:17]} 37. Bd3 {[%clk 00:40:47]} {[%emt 00:01:03]} Rxh4
{[%clk 00:11:54]} {[%emt 00:00:29]} 38. c6 {[%clk 00:40:44]} {[%emt 00:00:33]}
bxc6 {[%clk 00:11:55]} {[%emt 00:00:28]} 39. bxc6 {[%clk 00:41:09]} {[%emt
00:00:06]} a5 {[%clk 00:11:57]} {[%emt 00:00:27]} 40. Bc2 {[%clk 00:41:14]}
{[%emt 00:00:26]} Rc4 {[%clk 00:12:11]} {[%emt 00:00:15]} 41. Bb3 {[%clk
00:41:27]} {[%emt 00:00:17]} Rb4 {[%clk 00:11:48]} {[%emt 00:00:53]} 42. Bc2
{[%clk 00:41:50]} {[%emt 00:00:08]} a4 {[%clk 00:12:03]} {[%emt 00:00:13]} 43.
Bxa4 {[%clk 00:42:14]} {[%emt 00:00:07]} Rxa4 {[%clk 00:12:25]} {[%emt
00:00:08]} 44. f4 {[%clk 00:42:40]} {[%emt 00:00:04]} Rxf4+ {[%clk 00:12:39]}
{[%emt 00:00:16]} 45. Kg2 {[%clk 00:42:44]} {[%emt 00:00:25]} Re3 {[%clk
00:12:45]} {[%emt 00:00:23]} 46. Kh2 {[%clk 00:42:50]} {[%emt 00:00:25]} Rf2+
{[%clk 00:12:57]} {[%emt 00:00:18]} 47. Kg1 {[%clk 00:43:12]} {[%emt 00:00:09]}
Ra2 {[%clk 00:13:13]} {[%emt 00:00:13]} 48. Kf1 {[%clk 00:43:36]} {[%emt
00:00:06]} Rc3 {[%clk 00:13:32]} {[%emt 00:00:12]} 49. Ke1 {[%clk 00:43:59]}
{[%emt 00:00:06]} Rc1# {[%clk 00:13:51]} {[%emt 00:00:11]} 0-1